000 00712nam a22002057a 4500
008 090115t xxu||||| |||| 00| 0 eng d
010 _aENG-92533
020 _c330.00
035 _aEN-76066
037 _bDBAD / PUB
040 _adpl
_bEnglish
082 _a510
100 _aKumbhojkar, G. V.
245 _aApplied mathematics-III:
_cby G.V. Kumbhojkar
_b(mechanical and automobile) /
260 _aMumbai
_bC. Jamnadas
_c2007-08(repr.).
300 _aVarious pagings
_c22cm (pbk)
650 _aMathematics.
942 _2ddc
_cEN
_mKUM
_h510
999 _c21051
_d21051